[Resolutions involving resignation of Col. C. R. Edwards, abolishment of Chief of Office position, and revision of duties and title assigned to Secretary's office].

Bibliographic Details
Corporate Author: Isthmian Canal Commission (U.S.)
Format: Government Document eBook
Language:English
Published: [Washington] : [publisher not identified], 1905.
Subjects:
Online Access:Connect to the full text of this electronic document

MARC

Tag First Indicator Second Indicator Subfields
LEADER 00000cam a22000001a 4500
001 in00003620421
006 m o d f
007 cr bn mmmapmmp
008 141128s1905 dcu o f000 0 eng d
005 20260611142511.0
035 |a ebd1909212997 
040 |a UMI  |c UMI  |d UtOrBLW 
086 0 |a W 73.4:19 
099 |a W7304-19 
110 2 |a Isthmian Canal Commission (U.S.)  |0 http://id.loc.gov/authorities/names/n82005047 
245 1 0 |a [Resolutions involving resignation of Col. C. R. Edwards, abolishment of Chief of Office position, and revision of duties and title assigned to Secretary's office]. 
264 1 |a [Washington] :  |b [publisher not identified],  |c 1905. 
300 |a 1 online resource (1 pages) 
336 |a text  |b txt  |2 rdacontent 
337 |a computer  |b c  |2 rdamedia 
338 |a online resource  |b cr  |2 rdacarrier 
533 |a Electronic reproduction.  |b [Bethesda, Md.] :  |c ProQuest,  |d 2014.  |e digital, PDF file.  |n ProQuest U.S. Executive Branch Documents  |n Mode of access: World Wide Web via ProQuest website. 
588 |a Record is based on online resource; title from PDF title page (ProQuest, last viewed Nov. 2014). Reuse except for individual research requires license from ProQuest, LLC. 
500 |a Electronic resource. 
650 0 |a Corporate reorganizations  |z United States.  |0 http://id.loc.gov/authorities/subjects/sh2008101581 
655 7 |a Electronic books.  |2 local 
856 4 0 |u http://proxy.library.tamu.edu/login?url=https://congressional.proquest.com/congressional/docview/t66.d71.w7304-19  |z Connect to the full text of this electronic document  |t 0 
999 f f |s 9ddbe78d-22f1-380c-a2ea-c09bc23aefcb  |i 04d1d6a3-09c0-30a4-afcf-b9fe47f01b2b  |t 0 
952 f f |a Texas A&M University  |b College Station  |c Electronic Resources  |s www_evans  |d Available Online  |t 0  |h No information provided 
998 f f |t 0  |l Available Online